000 00353 a2200109 4500
001 ART_42406
005 20260410161755.0
008 260409a
245 1 0 _aAlgunos comentarios al proyecto de reforma de la ley penal tributaria
100 1 _aSemachowicz, Esteban D.
773 0 _tDoctrina tributaria
_g- NÂș 362 (may. 2010)
_wREV4296
999 _c20072
_d20072